000 00306nam a22001337a 4500
008 170601b xxu||||| |||| 00| 0 eng d
020 _a9780073103525
041 _aeng
080 _28TH
_a94(7/8)
100 _a17
101 _aSHH
245 _aTHE AMERICAN DEMOCRACY
_cPATTERSON, TH.E
942 _2udc
_cBK
999 _c15475
_d15475